Statistics for F1 Season: 1957 Race Winners

Click here to take the quiz!

General Stats

  • This quiz has been taken 63 times
  • The average score is 8 of 9

Answer Stats

Grand PrixWinner% Correct
ArgentineJuan Manuel Fangio
100%
MonacoJuan Manuel Fangio
100%
FrenchJuan Manuel Fangio
100%
GermanJuan Manuel Fangio
100%
-Stirling Moss
96%
PescaraStirling Moss
96%
ItalianStirling Moss
96%
BritishTony Brooks
69%
Indianapolis 500Sam Hanks
42%

Score Distribution

Percentile by Number Answered

Percent of People with Each Score

Your Score History

You have not taken this quiz